| 000 | 00435nam a2200133Ia 4500 | ||
|---|---|---|---|
| 005 | 20260209120134.0 | ||
| 008 | 260209s9999||||xx |||||||||||||| ||und|| | ||
| 100 | _aNitesh Kumar Singh | ||
| 245 | 2 | _aA critical analysis of the Vodafone case | |
| 260 |
_aBangaloreBangalore _bNLSIU _c2014 |
||
| 300 | _a113 p. ; 25 cm. | ||
| 700 | _aProf. V S Mallar -GuideProf. V S Mallar -Guide | ||
| 856 | _uhttps://dans.nls.ac.in/handle/123456789/1711 | ||
| 999 |
_c217168 _d217168 |
||